| 000 | 00727nam a22001817a 4500 | ||
|---|---|---|---|
| 999 |
_c14945 _d14945 |
||
| 003 | OSt | ||
| 082 | _2631.3 KRI/EN | ||
| 088 | _aP 187 | ||
| 100 |
_aHARI B. KRISHNAN _aMUHAMMED RANEEF S _aSURYA A.S _93565 |
||
| 245 | _aEnergy production from rubber processing effluents through biomethanation | ||
| 260 |
_aTavanur 2008 _bKelappaji College of Agricultural Engineering and Technology |
||
| 300 | _a55 | ||
| 500 | _aEnergy production from rubber processing effluents through biomethanation | ||
| 520 | _aEnergy production from rubber processing effluents through biomethanation | ||
| 700 |
_aEr. Hamza Mollakadavath (Guide) _93566 |
||
| 856 | _uhttps://drive.google.com/open?id=16--Uu25wpDqmqmrooNspNhRms6_VPI3L | ||
| 942 | _cPR | ||